00805nam a2200241 i 450000100060000000300090000600500170001500700030003200800410003502000180007608000250009408000250011908000250014410000130016924500850018226000690026730000500033650400280038660000280041465500400044271000480048285200330053088931ES-MaACL20250905101958.0t|041228s1996 sp ||||1| spa d a84-8026-058-0 a74 Balthus (083.824) a75 Balthus (083.824) a76 Balthus (083.824)1 aBalthus.10aBalthus b: Museo Nacional Centro de Arte Reina Sofía, enero 1996 -marzo 1996. aMadrid : bMuseo Nacional Centro de Arte Reina Sofía, c[1996] a159 p. : bprincipalmente il. col. ; c28 cm. aBibliografía: p. 159.14aBalthus-vExposiciones. 72tgfbneaCatálogos de exposiciones2 aMuseo Nacional Centro de Arte Reina Sofía aES-MaACLjE-10763 bR.134935